000 00453nam a2200181Ia 4500
008 131103s9999 xx 000 0 und d
020 _a0 85685 160 4
040 _aLoreto College
041 _aEnglish
082 _aREF
_bLCBED/2299
100 _aAshurst, Elizabeth
245 _aCollage
_cElizabeth Ashurst
260 _aondon
_bMarshall Cavendish
_c1976
300 _a105p.
_b ill.
_c 25cm.
650 _aREF
850 _aLCBED/REF
942 _cBK
999 _c34192
_d84671